<?xml version="1.0" encoding="UTF-8"?>
<record
    xmlns:xsi="http://www.w3.org/2001/XMLSchema-instance"
    xsi:schemaLocation="http://www.loc.gov/MARC21/slim http://www.loc.gov/standards/marcxml/schema/MARC21slim.xsd"
    xmlns="http://www.loc.gov/MARC21/slim">

  <leader>01690nam a2200229Ia 4500</leader>
  <controlfield tag="001">b6347-44771 </controlfield>
  <controlfield tag="003">IT-MiCISF</controlfield>
  <controlfield tag="005">20240718113834.0</controlfield>
  <controlfield tag="008">161014s9999||||xx |||||||||||||| ||und||</controlfield>
  <datafield tag="040" ind1=" " ind2=" ">
    <subfield code="a">IT-MiCISF</subfield>
    <subfield code="c">IT-MiCISF</subfield>
  </datafield>
  <datafield tag="041" ind1=" " ind2=" ">
    <subfield code="a">it</subfield>
  </datafield>
  <datafield tag="100" ind1=" " ind2=" ">
    <subfield code="a">Nicolli Sergio (a cura di)</subfield>
    <subfield code="9">59891</subfield>
  </datafield>
  <datafield tag="245" ind1=" " ind2="0">
    <subfield code="a">Giovani sposi in cammino... non da soli</subfield>
  </datafield>
  <datafield tag="260" ind1=" " ind2=" ">
    <subfield code="a"> Siena; Ufficio Nazionale della CEI per la Pastorale della Famiglia,</subfield>
    <subfield code="b">Cantagalli,</subfield>
    <subfield code="c">2007</subfield>
  </datafield>
  <datafield tag="300" ind1=" " ind2=" ">
    <subfield code="a">pp. 333</subfield>
  </datafield>
  <datafield tag="500" ind1=" " ind2=" ">
    <subfield code="a">pastorale-familiare, primi-anni-matrimonio, genitorialit&#xE0;, spiritualit&#xE0;-coniugale, teologia, pastorale-sacramenti, catechesi, spiritualit&#xE0;-familiare, coppia-in-crisi, chiesa-domestica </subfield>
  </datafield>
  <datafield tag="520" ind1=" " ind2=" ">
    <subfield code="a">Anche dopo un percorso di preparazione al matrimonio, troppe volte la giovane coppia viene lasciata sola in momenti cruciali del suo cammino, quando la relazione potrebbe conculidarsi nell'impatto con le prime consistenti difficolt&#xE0;, e invece spesso soccombe sotto il peso della fatica e dello scoraggiamento. In questo testo, che contiene gli atti di una settimana estiva di formazione per operatori di pastorale familiare organizzata dall'Ufficio Famiglia della CEI,  sono raccolti contributi, esperienze e riflessioni che nascono dalla necessit&#xE0; di fornire un supporto alle giovani coppie evitando di lasciarle sole dopo il matrimonio.</subfield>
  </datafield>
  <datafield tag="650" ind1=" " ind2=" ">
    <subfield code="a"> Temi di pastorale / pastorale-familiare</subfield>
    <subfield code="e">012</subfield>
    <subfield code="9">60917</subfield>
  </datafield>
  <datafield tag="700" ind1=" " ind2=" ">
    <subfield code="a">Brambilla F.G., Belletti F., Zattoni M.T., Gillini G., Palazzini C., Vivaldelli G., </subfield>
    <subfield code="a">Anfossi G., Nicolli S., Tortalla M., Borsato B., Sivelli B., Marinoni A., Noceti S., </subfield>
    <subfield code="a">Marangoni R., Oreglia N. e D., Destro L.....</subfield>
    <subfield code="9">60918</subfield>
  </datafield>
  <datafield tag="942" ind1=" " ind2=" ">
    <subfield code="c">BK</subfield>
    <subfield code="2">ddc</subfield>
  </datafield>
  <datafield tag="999" ind1=" " ind2=" ">
    <subfield code="c">210705</subfield>
    <subfield code="d">210705</subfield>
  </datafield>
  <datafield tag="999" ind1=" " ind2=" ">
    <subfield code="b">si</subfield>
  </datafield>
  <datafield tag="952" ind1=" " ind2=" ">
    <subfield code="0">0</subfield>
    <subfield code="1">0</subfield>
    <subfield code="4">0</subfield>
    <subfield code="6">B_634744771</subfield>
    <subfield code="7">1</subfield>
    <subfield code="a">CISF</subfield>
    <subfield code="b">CISF</subfield>
    <subfield code="d">2016-10-14</subfield>
    <subfield code="l">0</subfield>
    <subfield code="o">b6347-44771 </subfield>
    <subfield code="r">2016-10-14 00:00:00</subfield>
    <subfield code="w">2016-10-14</subfield>
    <subfield code="y">BK</subfield>
    <subfield code="z">Data import 15.10.2016 / by Epidotti, Vaglietti</subfield>
  </datafield>
</record>
